00391cam a22001217a 4500008004000000082001700040100001900057245006300076260006100139300001000200440003900210650002000249180718b1972 xxu||||| |||| 00| 0 eng d aT42x611 M859 aMottura, Paolo aThe banking system of Tunisia, 1956-1970cby Paolo Mottura aMilanbCassa di Risparmio delle provincie Lombardec1972 a290p. aCredit markets of Africe series, 4 aBanks - Tunisia